[Event "Hamburg HSK Christmas op 4th"]
[Site "Hamburg"]
[Date "2018.12.28"]
[Round "4"]
[White "Chilton, Alexis"]
[Black "Kaussmann, Jean David"]
[Result "1/2-1/2"]
[WhiteElo "1844"]
[BlackElo "1593"]
[PlyCount "40"]
[EventDate "2018.12.27"]
[EventType "swiss"]
[EventRounds "7"]
[EventCountry "GER"]
[SourceTitle "CBM 188 Extra"]
[Source "ChessBase"]
[SourceDate "2019.02.26"]
[SourceVersion "1"]
[SourceVersionDate "2019.02.26"]
[SourceQuality "1"]

1. e4 d5 2. exd5 Qxd5 3. Nc3 Qa5 4. Nf3 Bg4 5. h3 Bh5 6. b4 Qb6 7. b5 c6 8. Rb1 Qc7 9. Ba3 Nf6 10. Be2 c5 11. d4 e6 12. d5 Qa5 13. Bb2 Nxd5 14. Qd2 Nxc3 15. Qxc3 Qxc3+ 16. Bxc3 f6 17. Bc4 Bf7 18. 0-0 e5 19. Bxf7+ Kxf7 20. Rfd1 Be7 1/2-1/2

[Event "Hamburg St Pauli op-B"]
[Site "Hamburg"]
[Date "2011.07.12"]
[Round "5"]
[White "Kaussmann, Jean David"]
[Black "Gorbach, Mark"]
[Result "0-1"]
[WhiteElo "1420"]
[BlackElo "1197"]
[PlyCount "53"]
[EventDate "2011.07.09"]
[EventType "swiss"]
[EventRounds "9"]
[EventCountry "GER"]
[SourceTitle "CBM 143 Extra"]
[Source "ChessBase"]
[SourceDate "2011.08.29"]
[SourceVersion "1"]
[SourceVersionDate "2011.08.29"]
[SourceQuality "1"]

1. e4 c5 2. Nf3 d6 3. Bc4 Nf6 4. Nc3 e6 5. d3 Nc6 6. Bg5 Be7 7. 0-0 a6 8. a4 0-0 9. Re1 h6 10. Bd2 d5 11. exd5 exd5 12. Ba2 Bg4 13. h3 Bh5 14. g4 Bg6 15. Qc1 Qd7 16. Nh2 Bd6 17. Bf4 Qc7 18. Bxd6 Qxd6 19. Qe3 d4 20. Ne4 Nxe4 21. Qf3 Ng5 22. Qg2 Rfe8 23. h4 Ne6 24. g5 Nf4 25. Qg3 Ne2+ 26. Rxe2 Qxg3+ 27. fxg3 0-1

[Event "Hamburg St Pauli op-B"]
[Site "Hamburg"]
[Date "2011.07.10"]
[Round "2"]
[White "Bangert, Ruediger"]
[Black "Kaussmann, Jean David"]
[Result "1/2-1/2"]
[WhiteElo "1694"]
[BlackElo "1420"]
[PlyCount "70"]
[EventDate "2011.07.09"]
[EventType "swiss"]
[EventRounds "9"]
[EventCountry "GER"]
[SourceTitle "CBM 143 Extra"]
[Source "ChessBase"]
[SourceDate "2011.08.29"]
[SourceVersion "1"]
[SourceVersionDate "2011.08.29"]
[SourceQuality "1"]

1. Nf3 Nc6 2. c4 e5 3. e4 Nf6 4. d3 Bc5 5. h3 Bd4 6. Nbd2 d6 7. Nb3 Bb6 8. Be2 h6 9. Bd2 0-0 10. Qc1 Nh7 11. h4 Bg4 12. Qd1 Bxf3 13. Bxf3 Nd4 14. Nxd4 Bxd4 15. Rb1 Qf6 16. a4 Qg6 17. Qe2 f5 18. Be3 Bxe3 19. Qxe3 f4 20. Qe2 Qf7 21. Rh2 Nf6 22. b3 Nd7 23. Kd2 a6 24. Rg1 Nc5 25. Qd1 Rab8 26. Kc3 b5 27. Qc2 bxa4 28. b4 Nb3 29. Qa2 Qd7 30. Bd1 Nd4 31. Bxa4 Qc8 32. Rb1 c5 33. b5 axb5 34. cxb5+ Kh7 35. Qc4 Rb6 1/2-1/2